000 00768nam a2200241 i 4500
001 bgj
245 1 0 _aLiteratur in der Gesellschaft :
_bFestschrift für Theo Buck zum 60. Geburtstag /
_chrsg. von Frank-Rutger Hausmann, Ludwig Jäger und Bernd Witte.
246 1 _aAufklärung - Exil - Publizistik. |Heine und Heinrich Mann in der Spuren Voltaires.
260 _aTübingen :
_bGunter Narr Verlag,
_c1990.
300 _aS. [155]-166 ;
_c24 cm.
505 _aSonderdruck
650 9 _aLiteratura
700 1 _aHAUSMANN, Frank-Rutger.
700 1 _aJÄGER, Ludwig.
700 1 _aWITTE, Bernd.
700 1 _aBETZ, Albrecht.
040 _cBPK
041 0 _ager
044 _aDEU
080 _a82
942 _cKS
008 s gw f |000 0 ger
999 _c49940
_d49940
856 _uhttp://koha.tu.koszalin.pl/cgi-bin/koha/opac-detail.pl?biblionumber=49940
_yKatalog online BPK